[Event "Grangemouth op-A 26th"]
[Site "Grangemouth"]
[Date "1999.09.04"]
[Round "3"]
[White "Robertson, Ian C"]
[Black "Buchanan, Walter F"]
[Result "1-0"]
[WhiteElo "2202"]
[BlackElo "2101"]
[PlyCount "57"]
[EventDate "1999.09.03"]
[EventType "swiss"]
[EventRounds "5"]
[EventCountry "SCO"]
[SourceTitle "EXT 2002"]
[Source "ChessBase"]
[SourceDate "2001.11.25"]
[SourceVersion "1"]
[SourceVersionDate "2001.11.25"]
[SourceQuality "1"]

1. e4 c6 2. d4 d5 3. exd5 cxd5 4. Bd3 Nc6 5. c3 Nf6 6. Bf4 Bg4 7. Qb3 Qd7 8. Nd2 e6 9. Ngf3 Bxf3 10. Nxf3 Bd6 11. Be5 Qc7 12. 0-0 Bxe5 13. Nxe5 Nxe5 14. dxe5 Nd7 15. Bb5 0-0 16. Bxd7 Qxd7 17. Rad1 Rac8 18. Rd4 Qc7 19. Re1 f6 20. exf6 Rxf6 21. Re2 Rcf8 22. g3 Qf7 23. Rdd2 b6 24. Qb5 Qg6 25. Qd3 Qg4 26. Qd4 Qf5 27. a3 Qh3 28. Qe5 h5 29. Rd4 1-0